Guide to IC05 (Record no. 108370)

MARC details
000 -LEADER
fixed length control field 01958cam a22002775a 4500
001 - CONTROL NUMBER
control field L144059
008 - FIXED-LENGTH DATA ELEMENTS--GENERAL INFORMATION
fixed length control field 080612s2008 xxkd f v 001 0 eng d
020 ## - INTERNATIONAL STANDARD BOOK NUMBER
International Standard Book Number 9781859461907
035 ## - SYSTEM CONTROL NUMBER
System control number (Sirsi) u144059
041 0# - LANGUAGE CODE
Language code of text/sound track or separate title eng
050 04 - LIBRARY OF CONGRESS CALL NUMBER
Classification number 692.8 $2 18
100 1# - MAIN ENTRY--PERSONAL NAME
Personal name Lupton, Sarah
245 00 - TITLE STATEMENT
Title Guide to IC05
260 ## - PUBLICATION, DISTRIBUTION, ETC.
Place of publication, distribution, etc. London
Name of publisher, distributor, etc. RIBA
Date of publication, distribution, etc. 2008
300 ## - PHYSICAL DESCRIPTION
Extent xi, 156p.
Other physical details ill.
Dimensions 25cm.
505 2# - FORMATTED CONTENTS NOTE
Formatted contents note Comparison with IFC98 -- Documents -- Obligations of the contractor -- Possession and completion -- Control of the works -- Sums properly due -- Certification -- Indemnity and insurance -- Default and termination -- Dispute resolution -- Appendices
520 ## - SUMMARY, ETC.
Summary, etc. Intended as a practical aid to those interested in the operation and administration of ICO5 and ICDO5, the two versions of the JCT Intermediate Building Contract (2005 edition). Outlines the form and why it might be chosen for use. Analyses the provisions, procedures and supplementary conditions of the contract in light of law and practice. Points out the key changes introduced by the contract to the 1998 version and comments on recent case law to show how the wording is applied in practice. Covers: contractor's obligations relating to quality and standard of work, including design implications; extensions of time; monitoring the standard of work; adjusting the contract sum; process of certification and dispute resolution. It does not cover how to fill out the relevant forms or provide a comprehensive legal commentary. Includes clause comparison table and list of relevant law cases.
521 ## - TARGET AUDIENCE NOTE
Target audience note Advanced
590 ## - LOCAL NOTE (RLIN)
Local note KA
650 24 - SUBJECT ADDED ENTRY--TOPICAL TERM
Topical term or geographic name entry element JCT INTERMEDIATE BUILDING CONTRACT (2005 EDITION)
650 24 - SUBJECT ADDED ENTRY--TOPICAL TERM
Topical term or geographic name entry element JCT INTERMEDIATE BUILDING CONTRACT WITH CONTRACTOR'S DESIGN (2005 EDITION)
651 #4 - SUBJECT ADDED ENTRY--GEOGRAPHIC NAME
Geographic name England and Wales
Chronological subdivision 1543-
690 ## - LOCAL SUBJECT ADDED ENTRY--TOPICAL TERM (OCLC, RLIN)
Topical term or geographic name as entry element BUILT ENVIRONMENT-BUILDING CONTRACT FORMS-STANDARD FORMS OF BUILDING CONTRACT-JOINT CONTRACTS TRIBUNAL CONTRACTS
942 ## - ADDED ENTRY ELEMENTS (KOHA)
Suppress in OPAC 0
Holdings
Withdrawn status Lost status Source of classification or shelving scheme Damaged status Not for loan Home library Current library Shelving location Date acquired Cost, normal purchase price Total Checkouts Full call number Barcode Date last seen Date last checked out Copy number Cost, replacement price Price effective from Koha item type
    Dewey Decimal Classification     London London Basement 19/06/2008 34.95 9 BASEMENT 61 30074839 06/08/2019 16/08/2010 1 34.95 06/08/2019 Book